[Event "GER CupT semifinal"]
[Site "Baden-Baden"]
[Date "2002.03.09"]
[Round "1.1"]
[White "Slobodjan, Roman"]
[Black "Epishin, Vladimir"]
[Result "0-1"]
[WhiteElo "2527"]
[BlackElo "2599"]
[Annotator "Bangiev,A"]
[PlyCount "73"]
[EventDate "2002.03.08"]
[EventType "team"]
[EventRounds "2"]
[EventCountry "GER"]
[SourceTitle "CBM 088"]
[Source "ChessBase"]
[SourceDate "2002.03.21"]
[SourceVersion "1"]
[SourceVersionDate "2002.03.21"]
[SourceQuality "1"]
[WhiteTeam "Magdeburg USC"]
[BlackTeam "Luebeck"]
[WhiteTeamCountry "GER"]
[BlackTeamCountry "GER"]

1. e4 c5 2. Nc3 e6 3. g3 d5 4. d3 Be7 $1 {Eine interessante Idee. Schwarz
beabsichtigt die Stellung zu vereinfachen, allerdings nach dem Zug Bg2.} (4...
Nf6 5. e5) (4... d4 5. Nce2) (4... dxe4 5. dxe4 Qxd1+ 6. Nxd1 Bd7 7. f3 Bc6 8.
Ne3 {Dann bleibt der Läufer f1 auf der Diagonale f1-a6.}) 5. Bg2 dxe4 $1 6.
dxe4 Qxd1+ {Mit dem Tausch auf e4 hat sich Schwarz entschlossen, die d-Linie
zu öffnen. Er soll nun sich bemühen, seine Türme auf d-Linie möglichst schnell
zu verdoppeln.} 7. Nxd1 Bd7 $1 {Ein elastischer Zug, der die Möglichkeiten Nc6
sowie Bc6 offen lässt.} (7... Nc6 8. Ne3 Bd7 9. Bd2 O-O-O 10. O-O-O $11) 8. Ne3
(8. Nc3 Nc6 $5 {/\Nd4}) 8... Bc6 $1 {Mit dem Manöver Bc8-d7-c6 hat Schwarz den
Bauern e4 als ein Angriffsziel festgelegt.} 9. Ne2 Nd7 10. Bd2 Ngf6 {Diese
Figurenaufstellung hatte Schwarz offenbar angestrebt. Die soll vor allem die
Zentralfelder sichern.} 11. f3 O-O {Es droht nun 12...b5..} 12. Nc4 {/\e5 mit
dem Ziel den Spielraum zu erweitern.} Bb5 {Der Läufer auf g2 steht passiv, die
weißen Felder am Damenflügel sind dadurch geschwächt. Schwarz bemüht sich den
Läufer g2 und seine Möglichkeiten weiter einzuschränken, z.B. den Vorstoß e5
zu verhindern.} (12... b6 13. e5 Nd5 14. f4 {mit Weißem Raumvorteil}) 13. Na3
Bc6 (13... Ba6 14. Nc3 {/\f4 gefolgt von e5}) 14. Nc4 {/\e5} Bb5 $1 (14... Rfd8
15. Na5 Bb5 16. Nc3 Ba6 17. Bf1) 15. Ne3 Bc6 16. a4 {Weiß bereitet nun den Zug
Nc4 vor.} Rfd8 {Schwarz hat gute Chancen auf der d-Linie Initiative zu
ergreifen. (Es ist nützlich anzumerken, dass Weiß momentan auf der d-Linie
keinen Stützpunkt hat).} 17. Nc3 {/\ Nc4} (17. Nc4 Bxa4 $1 18. Rxa4 b5) 17...
Ne5 $1 {Ein starker Zug, der den Nc4 verhimdern und den Druck auf die weißen
Felder verstärken soll.} (17... Rac8 18. Nc4 $1) 18. Ke2 {/\Rhd1 mit der
Absicht die Schwerfiguren auf der d-Linie tauschen zu können.} (18. f4 {
Dies sollte Pe4 schwächen, ermöglichen es dem Weißen den anzugreifen.} Neg4 19.
Nxg4 Nxg4 20. h3 Nf6 $132 21. Rg1 {/\e5} c4 22. e5 Bc5 $1) 18... g5 $1 {
[%mdl 32] Dieser Vorstoß stellt ein typisches Verfahren zur Verstärkung der
schwarzen Felder und des Springers auf e5. Die Strategie des Nachziehenden ist
gegen den Bauern e4 gerichtet und besteht aus folgenden Elementen: der Bauer
e4 soll blockiert, geschwächt und anschließend angegriffen werden. Dabei
strebt Schwarz danach die weißen Felder im Lager des Weißen zu schwächen, die,
den Bauern e4 verteidigten Figuren, zu verdrängen bzw. zu entfernen.} (18...
Rd7 19. f4 Rad8 20. Rad1 Neg4 21. Nxg4 Nxg4) 19. Rhd1 Rd4 $1 {Ein wichtiger
Zug. Die Eroberung der offenen Linie ist hier von außerordentlicher Bedeutung.}
20. b3 {/\Nb5} (20. Nb5 $2 Rxa4) (20. Be1 Rad8 21. Bf2 b6 $15) 20... a6 {
Schwarz verhindert damit den Nb5 und beabsichtigt den Vorstoß b7-b5-b4 zwecks
Angriffs auf den Bauern e4.} 21. Be1 {Weiß bereitet das Manöver Bf2 vor und
den lästigen Turm d4 zu vertreiben.} h5 22. Nf1 g4 {Eine konsequente
Fortsetzung. Damit soll der Bauern f3 entfernt, der Bauern e4 geschwächt
werden. (Siehe Kommentar zum 18.Zug von Schwarz)} 23. fxg4 (23. f4 Nf3 24. Bxf3
gxf3+ 25. Kxf3 Nxe4 $17) 23... hxg4 {Es dem Schwarzen gelungen die weißen
Felder im Lager des Anziehenden zu schwächen, den Springer auf e5 und damit
die Blockade des Pe4 zu sichern.} 24. Nd2 Kg7 {/\Rh2} 25. Bf2 Rh8 $1 26. Bg1 (
26. Bxd4 cxd4 27. Na2 Rxh2 28. Kf1 a5 {/\Bc5}) 26... Rh5 $3 {Ein starker Zug,
der vieles leistet: der Turm auf h5 soll den Vorstoß b5 unterstützen (Pc5 wird
dadurch gedeckt), es wird auch die Vordoppelung auf der h-Linie mittels
Rd4-d8-h8 ermöglicht. Was wir in 10 Zügen zu sehen bekommen, soll der Turm h5
den Vorstoß f5 unterstützen, was das Hauptziel dieses Zuges ist! /\Nfd7 dann
f5!} (26... b5 27. axb5 axb5 28. Ra7 {mit dem Druck auf den Bauern c5.}) 27.
Nf1 (27. a5 $5) 27... Rxd1 28. Rxd1 b5 29. axb5 axb5 30. Nd2 b4 31. Ncb1 Nfd7 {
/\f5!} 32. Kf2 f5 33. Re1 (33. exf5 $2 Rxf5+) 33... Nf6 34. Ke3 Kf7 {/\Bf8-h6}
35. Rf1 Bf8 36. Rd1 fxe4 {Schwarz hat sein strategisches Ziel den Bauern e4 zu
zeschlagen erreicht. (Siehe auch das Kommentar zum 18.Zug von Schwarz)} 37. Nc4
{Eine hochwertige lehrreiche Partie! Wir wissen das schon: "Um den eigenen
Figuren und Bauern einen möglichst großen Wirkungsbereich zu verschaffen,
müssen die eigenen Kräfte auf möglichst günstige, aussichtsreiche Felder
gebracht werden. Gleichzeitig wird dabei versucht, die gegnerischen Figuren
und ihre Möglichkeiten einzuschränken". Leicht gesagt, schwer getan. Nicht
aber dem GM Epischin.} 0-1

[Event "RUS-Cup03 Geller Memorial"]
[Site "Moscow"]
[Date "1999.02.07"]
[Round "6"]
[White "Bochkarev, Alexander"]
[Black "Dolinskij, Boris"]
[Result "1-0"]
[WhiteElo "2457"]
[BlackElo "2376"]
[Annotator "Bangiev,A"]
[PlyCount "112"]
[EventDate "1999.02.10"]
[EventType "swiss"]
[EventRounds "9"]
[EventCountry "RUS"]
[SourceTitle "CBM 070"]
[Source "ChessBase"]
[SourceDate "1999.06.08"]
[SourceVersion "1"]
[SourceVersionDate "1999.06.08"]
[SourceQuality "1"]

1. e4 c5 2. Nc3 Nc6 3. Bb5 e6 4. Bxc6 bxc6 5. d3 Ne7 (5... d6 6. Nge2 g6 7. b3
Bg7 8. Bb2 Nf6 9. Qd2 O-O 10. Na4 e5 11. f4 exf4 12. Nxf4 d5 13. O-O-O {
0-1 Gurgenidze,B-Arakhamia,K/Tbilisi 1991/(54)}) (5... d5 6. Nge2 Nf6 7. O-O
Be7 8. f4 O-O 9. Ng3 Ba6 10. e5 Nd7 11. Re1 g6 12. b3 {1/2-1/2 Certic,
B-Sahovic,D/Belgrade 1995/(33)}) (5... Nf6 6. e5 Nd5 7. Ne4 $14) 6. Nge2 $5 (6.
f4 d5 (6... Ng6 7. Nf3 Be7 8. O-O O-O 9. f5 Nh4 10. Nxh4 Bxh4 11. fxe6 dxe6 12.
Be3 {1/2-1/2 Keitlinghaus,L-Ionov,S/Dortmund 1992/(48)}) 7. Nf3 Ng6 8. O-O f6
9. Qe2 Be7 10. Na4 O-O 11. g3 c4 12. dxc4 Ba6 13. exd5 exd5 14. Nd4 $36 {
1-0 Najer,E-Cherniaev,A/Moscow 1996/(26)}) 6... Ng6 (6... g6 7. d4 $1) (6... d5
7. O-O g6 8. Na4 $1) 7. O-O Be7 8. f4 {[%cal Yf1f5]} O-O (8... d5) 9. f5 (9.
Ng3 f5 $5) 9... Ne5 (9... exf5 10. exf5 Ne5 11. Bf4 $5 d6 $140 12. Bxe5 dxe5
13. Ne4 {[%cal Ye4f6,Ye4d6,Ye4c5]}) 10. Ng3 (10. Bf4 $6 d6) 10... d5 11. Kh1 (
11. Bf4 Bd6 12. Qh5 f6 $132) (11. Qh5 $5 f6 $140 (11... exf5 $6 12. Nxf5) 12.
fxe6 Bxe6 13. Nf5 $36) 11... Kh8 12. Bf4 (12. Qh5 $6 exf5) 12... Bd6 13. Qh5 f6
14. Nce2 {[%cal Ye2f4,Yf4e6]} Bd7 (14... Rb8 $142 {[%cal Yb8b4]} 15. b3 exf5
16. exf5 Re8) 15. b3 a5 $6 {[%csl Ya5]} 16. Nc3 $5 {[%cal Yc3a4]} Rb8 17. Rad1
Rb7 18. Na4 $1 $14 {[%cal Ya4c5][%mdl 32] Ein Angriff auf den Punkt c5 ist die
wichtigste weiße Strategie in dieser Stellung.} exf5 19. exf5 (19. Nxf5 $5 g6
20. Nxd6 gxh5 21. Nxb7 Qe7 22. Nbxc5 $14) 19... Qc7 20. Bd2 {[%cal Yd2a5,Ya4c5]
} Ra7 21. Rde1 Be8 22. Qd1 Kg8 23. Bc1 Bf7 24. Be3 Raa8 $2 (24... Nd7) 25. c3
$2 (25. Bxc5 $18) 25... Qa7 26. Bf4 Qc7 27. Qd2 (27. d4 $1 Nd7 28. Bxd6 Qxd6
29. Re3 Rfe8 30. Rfe1 $14) 27... Rfe8 28. Re2 h5 (28... c4 $5 29. d4 Nd3 30.
Bxd6 Qxd6 $132) 29. d4 $1 cxd4 30. cxd4 Nd7 31. Bxd6 Qxd6 32. Rxe8+ (32. Rfe1
$142 Rxe2 $142 33. Nxe2) 32... Rxe8 33. Rc1 h4 $6 (33... Re1+ 34. Qxe1 Qf4 $5
$36) 34. Ne2 h3 $6 (34... Qb4 $5) 35. gxh3 (35. Qxa5 $14) 35... Bh5 36. Ng3
Bf3+ 37. Kg1 Qc7 38. Rf1 Be4 39. Qc3 Qa7 40. Rc1 Ne5 41. Rf1 Re7 42. Nc5 Nd7
43. Ncxe4 dxe4 44. Qc4+ Rf7 45. Nxe4 Ne5 46. Qc5 Nd3 47. Qc4 Ne5 48. Qc3 Rd7
49. Nc5 Rd5 50. Ne6 Nd7 51. Rf4 c5 52. Qf3 Rd6 53. Qh5 Nf8 54. Nxf8 Kxf8 55.
Qh8+ Kf7 56. Rg4 g5 1-0

[Event "Hastings 9899"]
[Site "Hastings"]
[Date "1999.01.06"]
[Round "8"]
[White "Plaskett, H James"]
[Black "Shipov, Sergei"]
[Result "1-0"]
[WhiteElo "2455"]
[BlackElo "2635"]
[Annotator "Bangiev,A"]
[PlyCount "53"]
[EventDate "1998.12.29"]
[EventType "tourn"]
[EventRounds "9"]
[EventCountry "ENG"]
[EventCategory "13"]
[SourceTitle "CBM 069"]
[Source "ChessBase"]
[SourceDate "1999.04.01"]
[SourceVersion "1"]
[SourceVersionDate "1999.04.01"]
[SourceQuality "1"]

1. e4 {Ftacnik} c5 2. Nc3 d6 3. f4 Nc6 4. Nf3 g6 5. Bb5 Bd7 6. O-O Bg7 7. d3 a6
8. Bxc6 Bxc6 9. Kh1 {Die Hauptvariante ist 9.Qe1 Qd7} (9. Qe1 $1 {(Ftacnik) /
\Qe1-h4} Qd7 $1 (9... e6 10. f5 $16) 10. Qh4 (10. f5 $5 O-O-O $1 $13) 10... f5)
9... Qd7 $6 (9... Nf6 {Ftacnik} 10. Qe1 Qd7 11. Bd2 (11. Rb1 Rc8 12. h3 b5 13.
Bd2 b4 14. Nd1 c4 15. e5 dxe5 16. fxe5 Nh5 17. dxc4 Bxf3 18. Rxf3 Rxc4 19. Bxb4
O-O 20. Bc3 {1/2-1/2 Kersten,U-Sadler,M/Biel 1993/ (31)}) 11... b6 12. a4 Rc8
13. b3 Bb7 14. Rd1 d5 15. e5 Ng4 16. d4 c4 17. h3 Nh6 18. Rb1 cxb3 19. Rxb3 Rc6
20. Qb1 {1-0 Iuldachev,S-Sitanggang,S/Jakarta 1997/ (46)}) 10. Qe2 $1 $146 {
Ein neuer Zug. In der Praxis war hier bislang nur 10.Qe1 anzutreffen.} (10. Qe1
{Ftacnik} Nh6 (10... O-O-O 11. Rb1 {/\ b4->}) 11. Bd2 (11. f5 $5) 11... f5 (
11... b5 $1 12. Rb1 b4 13. Nd1 f5 $17 14. Ng5 (14. e5 Bxf3 15. Rxf3 dxe5 16.
fxe5 Qe6 $17) (14. Nf2 O-O $17) 14... Nf7 $1 15. exf5 (15. Nxf7 $142 Kxf7 16.
Nf2 $17) 15... gxf5 16. Nf3 (16. Ne6 Bf6 {/\ Bd5-/+}) 16... O-O 17. Ne3 Rae8
18. Qg3 Kh8 19. Qh3 e6 {1-0 Rogers,I-Smyslov,V/Manila/1990/ (69)}) 12. Nd5 fxe4
13. Qxe4 Nf7 14. Rae1 Bxd5 15. Qxd5 O-O 16. Ng5 Qc6 17. Qxc6 bxc6 18. Ne6 Rfb8
19. Nxg7 Kxg7 20. f5 gxf5 21. Rxe7 {1-0 Baker,C-King,D/ENG-chT9697 1997/ (41)})
10... f5 $6 {Ein typischer Zug, der den weißen Vorstoß f4-f5 vollkommen
blockieren soll. (Siehe die Bauernstruktur). Aber der Nachziehende schwächt
dabei die Felder e5 bzw.e6.} (10... Nf6 11. e5 $5) (10... Nh6) 11. Nd5 $1 Rd8
12. Ng5 $1 Nf6 13. Nb6 Qc7 14. Nc4 $1 {Der Schlüsselzug der weißen
Angriffsidee. Es droht 15.Ne6 bzw.15.ef5 und 15.e5} fxe4 (14... Bd7 $2 15. e5 (
15. e5 {Ftacnik} dxe5 16. fxe5 Nd5 17. Nd6+ Kf8 18. Ndf7 $18)) (14... Qd7 $2
15. e5) (14... Qc8 {Ftacnik} 15. exf5 $18) 15. Ne6 Qc8 {[%tqu "De","Eine
wichtige Rolle in dieser Position soll den Läufer c1 spielen. Wie ist dies zu
verwirklichen?","","","f4f5","Wer besser steht soll nach der Öffnung des
Spiels streben.Der Partiezug soll die Drohung Se6xg7 verstärken. Der Läufer c1
ist schon aktiv im Spiel.",10]} 16. f5 {'!' Ftacnik. Ftacnik: 'The defence for
black is not easy, white is not ready to trade is superstrong knight e6 for
some material advantage.'} (16. Nxg7+ {Ftacnik} Kf7 17. Nb6 Qc7 $15) 16... Rg8
(16... Kf7 17. Nxd8+ Rxd8 18. fxg6+ $16 (18. fxg6+ {Ftacnik} Kxg6 19. Na5 $16)
(18. dxe4 Bxe4 19. fxg6+ Bxg6 20. Bg5 $14)) 17. Nb6 $1 exd3 (17... Qb8 {Ftacnik
} 18. fxg6 hxg6 19. Bg5 d5 20. Bf4 Qa7 21. Bc7 $16) 18. cxd3 Qb8 19. fxg6 Bh8
$8 (19... hxg6 {Ftacnik} 20. Nxg7+ Rxg7 21. Rxf6 $18) {[%tqu "De","Schwarz
versucht durch das Gegenspiel auf der g -Linie dem weißen Angriff
entgegenzuwirken. Was soll man dagegen tun?","","","g6g7","Dieser
überraschende Zug soll die g-Linie blokiert halten.",10]} 20. g7 $1 Bxg7 21.
Bg5 {Ftacnik: 'This energetic move neatly combines the defense of g2 square
with the development and attack.'} (21. Nxg7+ $2 {Ftacnik} Rxg7 22. Rxf6 Bxg2+
$19) 21... Bh8 (21... Bh6 {Ftacnik} 22. Rxf6 exf6 (22... Bxg5 23. Qh5+ Rg6 24.
Rf8#) 23. Nf4+ Kf8 (23... Kf7 24. Qe6+ $18) 24. Bxh6+ $18) 22. Rae1 $18 Rd7 {
Was sonst?} (22... Rxg5 23. Nxg5 $18 (23. Nxg5 {Ftacnik} e5 24. Rxf6 Bxf6 25.
Qh5+ $18)) (22... Kf7 23. Qh5+ Rg6 24. Qxh7+ Bg7 25. Nxg7 $18 (25. Nxg7 {
Ftacnik} Rxg7 26. Rxe7+ Kxe7 27. Qxg7+ $18)) 23. Rxf6 $1 {Ftacnik: 'It is
rather symptomatic, that Plaskett sacrifices the exchange in the attack rather
than accepting the opponent's rook for the last few moves. '} exf6 (23... Bxf6
{Ftacnik} 24. Qh5+ Rg6 25. Nf4 Bxg5 26. Nxg6 hxg6 27. Qh8+ Kf7 28. Qxb8 $18) (
23... Bxg2+ {Ftacnik} 24. Qxg2 Bxf6 25. Qd5 Bxg5 26. Nc7+ Kd8 27. Qxg8+ Kxc7
28. Nd5+ $18) 24. Nxc5+ Kd8 25. Ncxd7 Bxd7 26. Qe7+ Kc7 27. Nd5+ {[%mdl 641]}
1-0

[Event "USA-ch"]
[Site "Seattle"]
[Date "2003.01.11"]
[Round "3"]
[White "Stripunsky, Alexander"]
[Black "Gurevich, Dmitry"]
[Result "1/2-1/2"]
[WhiteElo "2554"]
[BlackElo "2492"]
[Annotator "Bangiev,A"]
[PlyCount "88"]
[EventDate "2003.01.09"]
[EventType "swiss"]
[EventRounds "9"]
[EventCountry "USA"]
[SourceTitle "CBM 093"]
[Source "ChessBase"]
[SourceDate "2003.04.01"]
[SourceVersion "1"]
[SourceVersionDate "2003.04.01"]
[SourceQuality "1"]

1. e4 c5 2. Nc3 e6 3. g3 d5 4. exd5 exd5 5. d3 Be7 6. Bg2 Nf6 7. Nge2 d4 8. Ne4
Nd5 {Eine seltene Fortsetzung. 8...Ne4 ist in der Praxis öfter anzutreffen.} 9.
Nf4 Nxf4 10. Bxf4 Nc6 11. h4 $5 {[%mdl 8] Eine Neuerung. Weiß ist vor allem
bestrebt ...g5 zu verhindern, und im Weiterem am Königsflügel eine Initiative
zu erlangen.} (11. Bc1 O-O 12. f4 f5 13. Nd2 Be6 14. O-O Bd5 15. Nf3 Bf6 16.
Bd2 Qd7 17. Re1 h6 {1/2-1/2 Bramo,V-Minogina,T/Budapest 1993/EXT 97 (42)}) (11.
Qh5 O-O 12. O-O-O Be6 13. a3 Rc8 14. Bg5 f6 15. Bd2 Bf7 16. Qh4 b5 17. g4 c4 {
0-1 Prikryl,T-Belunek,V/Prerov 1995/EXT 97 (23)}) (11. O-O O-O 12. Qh5 f5 13.
Ng5 h6 14. Nh3 Kh7 15. Bd2 g5 16. Rae1 Kg7 17. c4 dxc3 18. bxc3 Bd7 {1-0 Bhat,
V-Krush,I/San Francisco 1999/CBM 71 ext (51)}) 11... Be6 12. O-O h6 13. Re1 Qd7
14. a3 {Weiß bereitet sich auf die lange Rochade des Schwarzen vor.} (14. Qh5
$5 {um die kurze Rochade zu verhindern.} g6 15. Qe2 O-O-O 16. a3 g5 $5 $13)
14... O-O (14... O-O-O 15. b4 $1 g5 16. hxg5 hxg5 17. Bxg5 Bxg5 18. Nxg5 $16)
15. Nd2 {/\Nc4} (15. Qh5 $5 f5 $1 (15... Bg4 16. Nxc5 Qc8 17. Qd5 Rd8 18. Qc4)
16. Nd2 (16. Bxh6 $6 fxe4 17. Bxe4 Bf7 $17) 16... Bf7 17. Bxc6 bxc6 18. Qf3 Bd5
19. Qh5 Bf7 $11) 15... Rae8 (15... Rad8 $142) 16. Nc4 (16. Qh5 f5 (16... Bf5
17. Bxc6 bxc6 18. Nc4) 17. Nc4) 16... b5 {Riskant, aber notwendig. Weiß konnte
nun Hoffnungen auf den schwachen Bauern setzen.} 17. Ne5 Nxe5 18. Bxe5 Bd6 19.
Qd2 Bxe5 20. Rxe5 Qd6 21. Rae1 $14 f6 $1 22. R5e2 b4 $1 {Damit möchte Schwarz
den Zug Qa5 verhindern.} 23. axb4 cxb4 24. Ra1 $6 (24. c3 $5 bxc3 25. bxc3 dxc3
26. Qxc3 Bf7 27. Rxe8 Rxe8 28. Rxe8+ Bxe8) 24... Qc5 $1 25. Qf4 Bd7 26. Rxe8
Rxe8 27. Qf3 Be6 28. Qb7 Re7 29. Qa8+ Kf7 {Schwarz hält die Stellung bzw.
seine Bauernschwächen unter Kontrolle.} 30. Re1 a5 31. Bc6 f5 32. Bf3 Bc8 33.
Bd5+ Kf6 34. Rxe7 Kxe7 35. Bc6 Be6 36. Qe8+ Kd6 37. Ba4 Qc7 38. Qf8+ Qe7 39.
Qa8 Qc7 40. Qf8+ Qe7 41. Qb8+ Qc7 42. Qe8 Bf7 43. Qf8+ Qe7 44. Qb8+ Qc7 1/2-1/2

[Event "Griesheim GM"]
[Site "Griesheim"]
[Date "2002.01.29"]
[Round "7"]
[White "Galdunts, Sergey"]
[Black "Kempinski, Robert"]
[Result "0-1"]
[WhiteElo "2510"]
[BlackElo "2576"]
[Annotator "Bangiev,A"]
[PlyCount "72"]
[EventDate "2002.01.23"]
[EventType "tourn"]
[EventRounds "9"]
[EventCountry "GER"]
[EventCategory "12"]
[SourceTitle "CBM 088"]
[Source "ChessBase"]
[SourceDate "2002.03.21"]
[SourceVersion "1"]
[SourceVersionDate "2002.03.21"]
[SourceQuality "1"]

1. e4 c5 2. Nc3 d6 3. f4 a6 4. Nf3 e6 5. g3 b5 6. Bg2 Bb7 7. Qe2 Nf6 8. d3 Be7
9. O-O Qc7 10. h3 Nc6 11. Be3 O-O 12. g4 $6 (12. Bf2 {Dies sollte den
drohenden Vorstoß d5-d4 verhindern und den Vorstoß g4-g5 unterstützen.} d5 13.
e5) 12... d5 $1 {Die Aktivität im Zentrum ist die beste Antwort auf den
Angriff am (hier) Königsflügel.} 13. exd5 (13. e5 Nxg4 14. hxg4 d4 15. Bd2 dxc3
16. Bxc3 Rad8 $15) 13... Nxd5 (13... exd5 14. g5 $1 $16) 14. Nxd5 exd5 {
/\15...d4} 15. d4 $8 Rfe8 16. c3 {Es ist dem Weißen gelungen die scharzen
Felder und damit den Spielraum zu sichern. Er muß nun möglichst aktiv am
Königsflügel handeln.} Na5 $1 {/\17...Nc4} 17. b3 b4 $1 {Schwarz bemüht sich
die Felder b2,c3,d4 zu schwächen und falls es ist möglich die c-Linie zu
öffnen.} 18. cxb4 cxd4 19. Nxd4 Bxb4 {[%mdl 32] Es ist bekannt: Um den Besitz
der offenen Linie ausnutzen zu können, ist es wichtig, daß der Gegner
Felderschwäche auf der offenen Linie hat. So ist auch hier: Weiß hat hier auf
c-Linie die schwachen Felder, was dem Schwarzen ermöglichen sollte, die
c-Linie zu besetzen.} 20. Rac1 {Auf den ersten Blick steht Weiß sogar besser.
Er verfügt über den Stützpunkt auf d4, über den Raumvorteil auf dem
Königsflügel. Das Problem besteht aber darin, daß der Läufer e3 schwach
gedeckt ist und nicht in der Lage ist die schwarzen Felder, u.a. das Feld c3,
zu sichern.} Qd7 {Als Kompensation für den schwachen Bauen auf d5 hat Schwarz
die konkreten Vorteile: vor allem ein reiches Figurenspiel, z.B. auf der
offenen e-Linie stehen die schwarzen Figuren zum Eingreifen bereit.} 21. Qd3 (
21. Rfd1 Ba3 22. Rc2 Rac8 23. Rxc8 Qxc8 24. Nf5 g6) 21... Rac8 22. Nf5 {
Dieses Manöver stellt eine typische Umgruppierung für derartigen Positionen
dar. /\Bd4} Nc6 $1 {Unglaublich. Schwarz lässt einfach seinen Bauern auf d5
rausschlagen.} 23. Bb6 (23. Bxd5 Bf8 $5 {/\Nb4 sowie /\g6. Schwarz sich damit
bemüht den Läufer d5 zum Tausch zu zwingen, um auf den schwachen weißen
Feldern angreifen zu können.} 24. Qd2 g6 25. Bxc6 Bxc6 26. Nd4 (26. Ng3 Qe7 27.
Bf2 Red8) 26... Ba8 27. Rxc8 Qxc8 28. f5 Qb7 29. Nf3 Qb8) (23. Qxd5 Qxd5 24.
Bxd5 g6 $36) (23. Bd4 Nxd4 24. Qxd4 Bf8 $15) 23... Ba3 24. Rce1 Ne7 {Um den
lästigen Springer zu vertreiben.} 25. Ne3 (25. Nd4 Qd6 $15) 25... Bb4 26. Rc1 {
Weiß strebt verständlicherweise danach die Stellung vereinfachen zu können.} (
26. Rd1 Qd6 27. Bd4) 26... Qd6 27. Rxc8 Bxc8 28. Bd4 Nc6 {[%mdl 512] Schwarz
opfert den Pd5 mit der Absicht die Figurenaktivität verstärken zu können.
Dabei soll die offene weiße Königsstellung in Betracht gezogen werden.} 29. Rc1
(29. Bxd5 $2 Nxd4 30. Qxd4 Rxe3) (29. Nxd5 $2 Nxd4 $19 30. Qxd4 Bc5) 29... Ba3
30. Rc3 Bd7 31. Rxc6 (31. Bxd5 Qxf4) 31... Qxc6 32. Bxd5 Qc1+ 33. Kf2 g6 {
Dies sollte offenbar das Läuferopfer auf f7 verhindern. Dabei verliert Schwarz
die nöttige Zeit.} (33... Bb5 34. Bxf7+ Kxf7 35. Qf5+ Kg8 36. Qd5+ Kh8 37. Qf7
(37. Bxg7+ Kxg7 38. Qg5+ Kf7 39. Qf5+ Ke7) 37... Qd2+ 38. Kg3 Rxe3+ 39. Bxe3
Qxe3+ $19) 34. Bc4 $2 (34. Bc3 $1 {/\Qd4}) 34... Qh1 35. Be5 $2 (35. Nd5 $142)
35... Bc6 $19 36. Nd5 Bc5+ 0-1